LEADER 01066nam a2200241 4500 001 000000353923 003 CaOOAMICUS 005 20230522112345.0 008 230522s1934 it a 000 u ita r 040 $aSeMil$bita 100 1 $aBaroni, Costantino,$d<1905-1956>.$0(OLS)http://semarc/name/26837 245 14$aGli edifici di Vincenzo Seregni nella Piazza dei Mercanti a Milano /$cCostantino Baroni. 264 1$aMilano :$bLibreria Antiquaria,$c1934. 300 $a47 p. :$bill. ;$c22 cm 490 1 $aStudi lombardi di Storia ed Arte 650 4$aMilano - Arte.$0(OLS)http://semarc/subject/6950 830 0$aStudi lombardi di Storia ed Arte.$0(OLS)http://semarc/title/444069 850 $aSeMil 852 $aSeMil$W1$xVenegono$y1$m5A IV 4/32$j240675$B245129$CSeMilBibl$Z2$F245129 $81 961 $aEsemplare n. 102 di 200 esemplari 996 $6245$aGli edifici di Vincenzo Seregni nella Piazza dei Mercanti a Milano$9(OLS)http://semarc/title/444068 996 $6264$aMilano :$bLibreria Antiquaria$9(OLS)http://semarc/publisher/61004 LEADER 01419nam a2200301 i 4500 001 000000085863 003 CaOOAMICUS 005 20161021000000.0 008 161021s2015 it u000 u ita u 013 $a58103 020 $a978-88-5753-054-3 040 $aSeMil$bita 100 1 $aPeruzzotti, Francesca,$d<1984- >.$0(OLS)http://semarc/name/39702 245 13$aLo scritto e il suo lettore :$bin ascolto di Jean-Louis Chrétien, Martin Heidegger, Jean-Luc Marion /$cFrancesca Peruzzotti. 260 $aMilano ;$aUdine :$bMimesis,$c2015. 300 $a252 p. ;$c21 cm. 490 0 $aAntropologia della libertŕ ;$v10 500 $aCon dedica autografa. 600 14$aMarion, Jean-Luc <1946- >.$0(OLS)http://semarc/subject/16302 600 14$aHeidegger, Martin <1889-1976>.$0(OLS)http://semarc/subject/986 600 14$aChrétien, Jean-Louis <1952-2019>.$0(OLS)http://semarc/subject/16303 830 0$aAntropologia della libertŕ ;$v10.$0(OLS)http://semarc/title/45223 850 $aSeMil 852 $aSeMil$W1$xVenegono$y1$m2P III 803$j49681$B49681$CSeMilBibl$Z2$F53462 $81 961 $aOmaggio: Altro 996 $6020$a978-88-5753-054-3$9(OLS)http://semarc/number/66162 996 $6245$aLo scritto e il suo lettore :$bin ascolto di Jean-Louis Chrétien, Martin Heidegger, Jean-Luc Marion$9(OLS)http://semarc/title/132318 996 $6260$aMilano ;$aUdine :$bMimesis$9(OLS)http://semarc/publisher/39598